Paisajes / (Record no. 166782)

MARC details
000 -LEADER
campo de control de longitud fija 01010nam a22002415i 4500
001 - NÚMERO DE CONTROL
campo de control 166782
003 - IDENTIFICADOR DE NÚMERO DE CONTROL
campo de control ES-MaACL
005 - FECHA Y HORA DE LA ÚLTIMA TRANSACCIÓN
campo de control 20230906213412.0
008 - DATOS DE LONGITUD FIJA--INFORMACIÓN GENERAL
campo de control de longitud fija 050926s1902 sp | |||||||| ||spa d
080 ## - NÚMERO DE LA CLASIFICACIÓN DECIMAL UNIVERSAL
Número de la Clasificación Decimal Universal 821.134.2-992"19"
100 1# - ENTRADA PRINCIPAL--NOMBRE DE PERSONA
Nombre de persona Unamuno, Miguel de,
Fechas asociadas al nombre 1864-1936
9 (RLIN) 111982
245 10 - MENCIÓN DEL TÍTULO
Título Paisajes /
Mención de responsabilidad, etc. por Miguel de Unamuno.
260 ## - PUBLICACIÓN, DISTRIBUCIÓN, ETC.
Lugar de publicación, distribución, etc. Salamanca :
Nombre del editor, distribuidor, etc. [s.n.],
Fecha de publicación, distribución, etc. 1902 (
Fabricante Est. Tip. Calón, a cargo de A. Iglesias)
300 ## - DESCRIPCIÓN FÍSICA
Extensión 66 p. ;
Dimensiones 19 cm.
490 1# - MENCIÓN DE SERIE
Mención de serie Colección Calón ;
Designación de volumen o secuencia 5 / dir. literario Francisco Acebal
505 8# - NOTA DE CONTENIDO CON FORMATO
Nota de contenido con formato Contiene: La Flecha ; Brianzuelo de la Sierra ; Puesta de sol ; Fantasía crepuscular ; Humilde heroísmo
530 ## - NOTA DISPONIBLE DE FORMULARIO FÍSICO ADICIONAL
Nota de formato físico adicional disponible Disponible en formato digital.
651 #4 - PUNTO DE ACCESO ADICIONAL DE MATERIA--NOMBRE GEOGRÁFICO
Nombre geográfico Salamanca (Provincia)-
Subdivisión general Descripción.
9 (RLIN) 153454
830 1# - PUNTO DE ACCESO ADICIONAL DE SERIE-TÍTULO UNIFORME
Título uniforme Colección Calón ;
Designación de volumen o secuencia 5 / dir. literario Francisco Acebal
9 (RLIN) 222578
852 ## - LOCALIZACIÓN
Ubicación ES-MaACL
Número de control de estantería D-1304
Nota libre - Enc. hol.
856 ## - LOCALIZACIÓN Y ACCESO ELECTRÓNICOS
Identificador Uniforme de Recursos <a href="http://bdh-rd.bne.es/viewer.vm?id=0000200747&page=1 ">http://bdh-rd.bne.es/viewer.vm?id=0000200747&page=1 </a>
Nota pública Biblioteca Digital Hispánica
Holdings
Estatus retirado Estado de pérdida Estado de daño No para préstamo Colección Biblioteca de origen Biblioteca actual Ubicación en estantería Fecha de adquisición Fuente de adquisición Total de préstamos Signatura topográfica completa Código de barras Visto por última vez Precio de reemplazo Tipo de ítem Koha
        Colección digital Biblioteca del Ateneo de Madrid Biblioteca del Ateneo de Madrid Sala Valle Inclán 17/01/2008     D-1304 901174919 23/02/2023 23/02/2023 Libro impreso